Dotis dictio

Uloženo v:
Podrobná bibliografie
Hlavní autor: Ortega Carrillo de Albornoz, Antonio (autor)
Médium: Kniha
Jazyk:španělština
Vydáno: Bolonia Real Colegio de España 1975
Edice:Studia Albornotiana, 21
Témata:
Tagy: Přidat tag
Žádné tagy, Buďte první, kdo vytvoří štítek k tomuto záznamu!

MARC

LEADER 00000nam a2200000 a 4500
001 UCS2196
003 CL-VaPUC
008 970523e19750000IT |||||||||||||||||spa|d
082 0 4 |a 340.54  |b ORT  |2 21 
100 |a Ortega Carrillo de Albornoz, Antonio  |e autor  |9 525870 
245 1 0 |a Dotis dictio 
300 |a 197 p 
942 |c BK 
945 |d 19970523 00:00:00  |a paguirre 
260 |a Bolonia  |b Real Colegio de España  |c 1975 
650 0 |a Derecho romano  |9 255930 
650 7 |a MATRIMONIO  |2 CL-VaPUC  |9 387317 
650 0 |a Obligaciones   |9 255578 
650 0 |a Derecho de familia  |9 255603 
583 |a last modification  |c 19970523 00:00:00  |k Rodrigo Vera 
490 0 |a Studia Albornotiana, 21 
999 |c 260174  |d 260172 
952 |0 0  |1 0  |4 0  |6 340_540000000000000_ORT_1975  |7 0  |8 A  |9 286051  |a BIBDER  |b BIBDER  |d 2019-11-19  |i 1859366  |o 340.54 ORT 1975  |p 1859366  |r 2023-01-25  |w 2019-11-19  |y BK  |k DER 
952 |0 0  |1 0  |4 0  |6 340_540000000000000_ORT_1975  |7 0  |8 DER_ROM  |9 286052  |a BIBDER  |b BIBDER  |d 2019-11-19  |i 1894315  |o 340.54 ORT 1975  |p 1894315  |r 2023-01-25  |w 2019-11-19  |x Ubicación 4to piso  |y BK  |z Este recurso debe solicitarse con anticipación  |k DER 
952 |0 0  |1 0  |4 0  |6 340_540000000000000_ORT_1975  |7 0  |8 A  |9 286053  |a BIBDER  |b BIBDER  |d 2019-11-19  |i 189434K  |o 340.54 ORT 1975  |p 189434K  |r 2023-01-25  |w 2019-11-19  |y BK  |k DER